Southville International School and Colleges
Your cart is empty.
  • Cart
  • Lists
    Public lists Eva Luna New books Lux_list list_1
    Your lists Log in to create your own lists
  • Log in to your account
  • Your cookies
  • Search history
Southville International School and Colleges
  • Advanced search
  • Recent comments
  • Most popular
  • Libraries

Log in to your account

Log in with GOOGLE


If you do not have an external account, but do have a local account, you can still log in:

  1. Home
  2. MARC view: Handbook of leadership theory and practice :
Normal view MARC view ISBD view

Handbook of leadership theory and practice : (Record no. 15607)

[ view plain ]
MARC details
000 -LEADER
fixed length control field 01226cam a2200349 a 4500
001 - CONTROL NUMBER
control field 15763973
003 - CONTROL NUMBER IDENTIFIER
control field OSt
005 - DATE AND TIME OF LATEST TRANSACTION
control field 20140310182743.0
008 - FIXED-LENGTH DATA ELEMENTS--GENERAL INFORMATION
fixed length control field 090605s2010 maua b 001 0 eng
010 ## - LIBRARY OF CONGRESS CONTROL NUMBER
LC control number 2009021185
015 ## - NATIONAL BIBLIOGRAPHY NUMBER
National bibliography number GBA995128
Source bnb
016 7# - NATIONAL BIBLIOGRAPHIC AGENCY CONTROL NUMBER
Record control number 015381219
Source Uk
020 ## - INTERNATIONAL STANDARD BOOK NUMBER
International Standard Book Number 9781422138793 (hardcover : alk. paper)
020 ## - INTERNATIONAL STANDARD BOOK NUMBER
International Standard Book Number 1422138798 (hardcover : alk. paper)
035 ## - SYSTEM CONTROL NUMBER
System control number (OCoLC)ocn318429245
040 ## - CATALOGING SOURCE
Original cataloging agency DLC
Transcribing agency DLC
Modifying agency YDX
-- YDXCP
-- BWX
-- CDX
-- UKM
-- DLC
050 00 - LIBRARY OF CONGRESS CALL NUMBER
Classification number HD 57.7
Item number .H3564 2010
082 00 - DEWEY DECIMAL CLASSIFICATION NUMBER
Classification number 658.4/092
-- 22
245 00 - TITLE STATEMENT
Title Handbook of leadership theory and practice :
Remainder of title an HBS centennial colloquium on advancing leadership /
Statement of responsibility, etc edited by Nitin Nohria, Rakesh Khurana.
260 ## - PUBLICATION, DISTRIBUTION, ETC. (IMPRINT)
Place of publication, distribution, etc Boston, Mass. :
Name of publisher, distributor, etc Harvard Business Press,
Date of publication, distribution, etc c2010
300 ## - PHYSICAL DESCRIPTION
Extent xiv, 822 p. :
Other physical details ill. ;
Dimensions 24 cm.
521 ## - TARGET AUDIENCE NOTE
Target audience note
650 #0 - SUBJECT ADDED ENTRY--TOPICAL TERM
Topical term or geographic name as entry element Leadership.
650 #0 - SUBJECT ADDED ENTRY--TOPICAL TERM
Topical term or geographic name as entry element Executive ability.
650 #0 - SUBJECT ADDED ENTRY--TOPICAL TERM
Topical term or geographic name as entry element International business enterprises.
700 1# - ADDED ENTRY--PERSONAL NAME
Personal name Nohria, Nitin,
Dates associated with a name 1962-
700 1# - ADDED ENTRY--PERSONAL NAME
Personal name Khurana, Rakesh,
Dates associated with a name 1948-
906 ## - LOCAL DATA ELEMENT F, LDF (RLIN)
a 7
b cbc
c orignew
d 1
e ecip
f 20
g y-gencatlg
942 ## - ADDED ENTRY ELEMENTS (KOHA)
Source of classification or shelving scheme Library of Congress Classification
Koha item type Books
Call number prefix Foreign
Holdings
Withdrawn status Lost status Source of classification or shelving scheme Damaged status Home library Current library Shelving location Date acquired Total Checkouts Total Renewals Full call number Barcode Date last seen Date checked out Copy number Price effective from Koha item type
    Library of Congress Classification   College Library College Library General Circulation Section 10/14/2011 2 10 HD 57.7 .H3564 2010 C13146 05/15/2018 07/09/2016 1 03/10/2014 Books

Handbook of leadership theory and practice :

APA

Nohria N., Khurana R., . (2010). Handbook of leadership theory and practice. Boston, Mass: Harvard Business Press.

Chicago

Nohria Nitin, Khurana Rakesh, . 2010. Handbook of leadership theory and practice. Boston, Mass: Harvard Business Press.

Harvard

Nohria N., Khurana R., . (2010). Handbook of leadership theory and practice. Boston, Mass: Harvard Business Press.

MLA

Nohria Nitin, Khurana Rakesh, . Handbook of leadership theory and practice. Boston, Mass: Harvard Business Press. 2010.

  • Place hold
  • Print
  • Cite
  • Add to your cart (remove)
  • Save record
    BIBTEX Dublin Core MARCXML MARC (non-Unicode/MARC-8) MARC (Unicode/UTF-8) MARC (Unicode/UTF-8, Standard) MODS (XML) RIS
  • More searches
    Search for this title in:
    Other Libraries (WorldCat) Other Databases (Google Scholar) Online Stores (Bookfinder.com) Open Library (openlibrary.org)

Exporting to Dublin Core...

SOUTHVILLE LIBRARY

Southville International School and Colleges Library

1281 Tropical Ave. Cor. Luxembourg St., BF Homes International, Las Pinas City

Tel. No. 8256374 / 252358 Loc. 117/146

Powered by Koha